RTPI and ROOM to merge (Record no. 70848)
[ view plain ]
| 000 -LEADER | |
|---|---|
| fixed length control field | 00839cam a2200193 4500 |
| 001 - CONTROL NUMBER | |
| control field | WB3828-15 |
| 008 - FIXED-LENGTH DATA ELEMENTS--GENERAL INFORMATION | |
| fixed length control field | 020730n2002 000 0 eng u |
| 035 ## - SYSTEM CONTROL NUMBER | |
| System control number | (Sirsi) u119104 |
| 245 ## - TITLE STATEMENT | |
| Title | RTPI and ROOM to merge |
| 260 ## - PUBLICATION, DISTRIBUTION, ETC. | |
| Date of publication, distribution, etc. | 2002 |
| 490 ## - SERIES STATEMENT | |
| Series statement | Planning (for the Natural and Built Environment) |
| Volume/sequential designation | 26 July 2002, 23(1) |
| 490 ## - SERIES STATEMENT | |
| Series statement | RTPI News Editorial |
| Volume/sequential designation | 26 July 2002, (1) |
| 520 ## - SUMMARY, ETC. | |
| Summary, etc. | RTPI and ROOM, the housing and planning associations, have announced they are to merge. It is hoped new association will have more influential voice in government policy. Merger expected to be legally complete by end August 2002. RTPI News Editorial www.rtpi.org.uk/editorial/2002/q3/26072002.html |
| 590 ## - LOCAL NOTE (RLIN) | |
| Local note | WB |
| 650 ## - SUBJECT ADDED ENTRY--TOPICAL TERM | |
| Topical term or geographic name entry element | HOUSING |
| 650 ## - SUBJECT ADDED ENTRY--TOPICAL TERM | |
| Topical term or geographic name entry element | MERGERS |
| 690 ## - LOCAL SUBJECT ADDED ENTRY--TOPICAL TERM (OCLC, RLIN) | |
| Topical term or geographic name as entry element | ENVIRONMENTAL AND LAND CONSULTANCY-PLANNING AND DEVELOPMENT |
| 942 ## - ADDED ENTRY ELEMENTS (KOHA) | |
| Suppress in OPAC | 0 |
| Withdrawn status | Lost status | Source of classification or shelving scheme | Damaged status | Not for loan | Home library | Current library | Shelving location | Date acquired | Total Checkouts | Full call number | Barcode | Date last seen | Copy number | Price effective from | Koha item type |
|---|---|---|---|---|---|---|---|---|---|---|---|---|---|---|---|
| Dewey Decimal Classification | London | London | News article | 30/07/2002 | WB3828-15 | 119104-1001 | 06/08/2019 | 1 | 06/08/2019 | News article |